000 00324nam a22001457a 4500
020 _a0-435-99972-9
082 _a823
_bFAS/C
100 _aFASSETT, JAMES.H
245 _aCAREFUL HANS
260 _aNEW DELHI
_bOXFORD UNIVERSITY PRESS
_c2004
300 _a144
520 _aSHORT STORY
650 _aSHORT STORY
942 _cBK
999 _c6050
_d6050